O třech písmenkách /

Uložené v:
Podrobná bibliografia
Hlavný autor: Jef a Besi (Author)
Ďalší autori: Born, Adolf 1930- (Illustrator)
Médium: Kniha
Jazyk:Czech
Vydané: Praha : Albatros, 1975.
Vydanie:2. vyd.
ISBN: (viaz.)
Fyzický popis: 33, [1] s.
Tagy: Pridať tag
Žiadne tagy, Buďte prvý kto otaguje tento záznam!

MARC

LEADER 00000nam a2200000 4500
001 000501421
005 20160410184548.0
008 970213 1975 xr e cze d
020 |a (viaz.)  |c Kčs 20,00 
040 |a SVKKK  |b slo  |c SVKKK  |e AACR2 
041 0 |c ze 
044 |a xr  |c CZ 
100 0 |a Jef a Besi  |4 aut 
245 1 0 |a O třech písmenkách /  |c [Autori:] Jef a Besi, [kol. pseud. ; Fareb.] il. Adolf Born. 
250 |a 2. vyd. 
260 |a Praha :  |b Albatros,  |c 1975. 
300 |a 33, [1] s. 
366 |e 15000 výt. 
500 |a Fareb. il. tit. list a predsádky 
500 |a Vl. m.: Fučík, Julius-Sílová, Bohumila 
500 |a Pre deti od 5 rokov 
700 1 |a Born, Adolf  |d 1930-  |4 ill 
910 |a svkkk 
998 |a BK 
090 |g SCKHL  |k Sklad Pribinova 1. posch.  |a IV.82113  |j 526050  |i 501421-10  |s Absenčne